000 00466nam a2200169Ia 4500
008 230524s9999 xx 000 0 und d
082 _a530
_bHAL
100 _aAlvin Halpern
_923895
245 0 _a"Beginning Physics-II (Schaum's Outline of Theory & Problems in Waves,Electromag)"
250 _a1ST
260 _aNEW DELHI
_bTMH
_c2004
300 _aXII529
500 _aQuantity Number: 1
650 _aPhysics
700 _a Erich Erlbach
_923896
942 _cBK
999 _c35424
_d35424